LEADER 01352nas a2200277 i 4500 001 000000152499 003 CaOOAMICUS 005 20060906000000.0 008 060810b1996 gw uu u0 0mul r 013 $a129840 020 $a3-506-73434-2 040 $aSeMil$bita 240 10$aSynodus : Beiträge zur Konzilien- und allgemeinen Kirchengeschichte : Festschrift für Walter Brandmüller [parte 1.].$0(OLS)http://semarc/title/222966 245 10$a1995-96 :$b[1] /$cin Verbindung mit Evangelos Chrysos ... [et al.] ; herausgegeben von Walter Brandmüller und Remigius Bäumer. 260 $aPaderborn [etc.] :$bFerdinand Schöningh,$c1996. 300 $a542 p., [1] c. di ritratto ;$c24 cm. 700 1 $aBäumer, Remigius,$d<1918-1998>.$0(OLS)http://semarc/name/292 700 1 $aChrysos, Evangelos.$0(OLS)http://semarc/name/59803 700 1 $aBrandmüller, Walter,$c.$0(OLS)http://semarc/name/18 774 0 $t[vedi periodico].$w()264767 850 $aSeMil 852 $aSeMil$W1$xVenegono$y1$m184 5 26/1$j104453$B104453$CSeMilBibl$Z2$F113975 $85 961 $aAcquisto: Schöningh 996 $6020$a3-506-73434-2$9(OLS)http://semarc/number/142198 996 $6245$a1995-96 :$b[1]$9(OLS)http://semarc/title/222965 996 $6260$aPaderborn [etc.] :$bFerdinand Schöningh$9(OLS)http://semarc/publisher/29622 LEADER 01256nam a2200301 i 4500 001 000000223131 003 CaOOAMICUS 005 20131004000000.0 008 131004s2011 it u000 u ita u 013 $a202028 020 $a978-88-315-3953-1 040 $aSeMil$bita 100 1 $aBassani, Paola.$0(OLS)http://semarc/name/43379 245 12$aA passo di coppia :$binciampi, cadute e volteggi del cammino a due /$cPaola Bassani ; prefazione di Luigi Ghia ... [et al.]. 260 $aMilano :$bPaoline,$c2011. 300 $a204 p. ;$c21 cm. 490 0 $aLa famiglia ;$v16 500 $aFondo card. C. M. Martini. 650 4$aRelazioni di coppia - Psicologia.$0(OLS)http://semarc/subject/57065 700 1 $aGhia, Luigi.$0(OLS)http://semarc/name/67017 830 3$aLa famiglia ;$v16.$0(OLS)http://semarc/title/6183 850 $aSeMil 852 $aSeMil$W1$xVenegono$y1$m2E III 419$j173477$B173477$CSeMilBibl$Z2$F186325 $81 941 1 $a4 961 $aOmaggio: Bressan don Luca 996 $6020$a978-88-315-3953-1$9(OLS)http://semarc/number/222944 996 $6245$aA passo di coppia :$binciampi, cadute e volteggi del cammino a due$9(OLS)http://semarc/title/320013 996 $6260$aMilano :$bPaoline$9(OLS)http://semarc/publisher/29684